000 00624nam a2200241Ia 4500
003 OSt
005 20220928104810.0
006 a|||||r|||| 00| 0
007 ta
008 220927b |||||||| |||| 00| 0 eng d
024 _a45688
037 _cTextual
040 _aSDCL
_cSDCL
_beng
041 _2eng
_aeng
082 _aO-,3M651,1, N5
100 _aKipling Rudyard
_9402589
245 0 _aKim.
260 _alondon
_bDavid Cambell Publishers
_c1995
300 _a306p.
_ccm.
490 _aMilliennium Library
942 _hO-,3M651,1, N5
_cTEXL
_2CC
999 _c727874
_d727874